000
00235nam a2200085Ia 4500
245
0
_a
The A-to-Z guide to elder care
100
_a
KANDEL, Joseph New York, 2009
_9
73402
942
_c
BK
008
210817s9999 xx 000 0 und d
999
_c
276420
_d
276419